000 00356 a2200157 4500
001 159135
020 _a
040 _cMagnum
100 _aMullinar, Gill
240 1 0 _aDicionario de orientacao sexual
_lpor
245 1 0 _aDicionario de orientacao sexual
362 0 _a1899
440 1 _aMelhoramentos
697 _aMAGNITO: DICIONARIOS
942 _cBK
999 _c159135
_d159135